[Event "XXV Corsicoscacchi Magistrale"]
[Site "Corsico ITA"]
[Date "2002.10.06"]
[Round "3"]
[White "Poletto, Daniele"]
[Black "Damia, Angelo"]
[Result "0-1"]
[WhiteElo "1912"]
[BlackElo "1885"]
[PlyCount "66"]
[EventDate "2002.10.05"]

1. c4 e5 2. Nc3 Nc6 3. g3 d6 4. Bg2 f5 5. d3 Nf6 6. e3 Be6 7. Nge2 Be7 8. b3 d5
9. cxd5 Nxd5 10. O-O Nxc3 11. Nxc3 Qd7 12. d4 exd4 13. exd4 Nxd4 14. Bxb7 Rd8
15. Bg2 O-O 16. Be3 Bf6 17. Rc1 Qf7 18. Qe1 Rfe8 19. Na4 Bd5 20. Qd1 Bxg2 21.
Kxg2 Qd5+ 22. Kh3 g5 23. g4 h5 24. Bxd4 fxg4+ 25. Kg3 h4+ 26. Kxg4 Qe6+ 27. Kh5
Qf7+ 28. Kg4 Rxd4+ 29. Qxd4 Bxd4 30. Kxg5 Re5+ 31. Kg4 Qf5+ 32. Kxh4 Bxf2+ 33.
Rxf2 Qxf2+ 0-1

[Event "XXV Corsicoscacchi Magistrale"]
[Site "Corsico ITA"]
[Date "2002.10.06"]
[Round "3"]
[White "Rossi, Giampiero"]
[Black "Bozzali, Ermanno"]
[Result "0-1"]
[WhiteElo "2056"]
[BlackElo "2135"]
[PlyCount "64"]
[EventDate "2002.10.05"]

1. d4 f5 2. Bg5 h6 3. Bh4 g5 4. Bg3 Nf6 5. e3 d6 6. Bd3 Bg7 7. c3 Nc6 8. Qc2 e6
9. f3 O-O 10. Ne2 Bd7 11. Nd2 Qe7 12. O-O Kh8 13. Rfe1 Nh5 14. Bf2 e5 15. e4 f4
16. d5 Nd8 17. h3 Nf6 18. c4 h5 19. c5 g4 20. cxd6 cxd6 21. hxg4 hxg4 22. fxg4
Nxg4 23. Nf3 Bf6 24. Nc3 Nf7 25. Rac1 Rg8 26. Bb5 Ng5 27. Qe2 Bc8 28. Nd1 Qh7
29. Nxg5 Rxg5 30. Bxa7 Qh2+ 31. Kf1 Qh1+ 32. Bg1 Nh2+ 0-1

[Event "XXV Corsicoscacchi Magistrale"]
[Site "Corsico ITA"]
[Date "2002.10.06"]
[Round "3"]
[White "Ubezio, Marco"]
[Black "Mazzini, Antonio"]
[Result "1-0"]
[WhiteElo "2195"]
[BlackElo "2122"]
[PlyCount "55"]
[EventDate "2002.10.05"]

1. d4 g6 2. e4 Bg7 3. Nf3 c6 4. c3 d5 5. Nbd2 dxe4 6. Nxe4 Nd7 7. Bc4 Nb6 8.
Bb3 Nf6 9. Neg5 O-O 10. Ne5 Nfd5 11. Ngf3 f6 12. Nd3 Kh8 13. O-O a5 14. a3 Bg4
15. h3 Bf5 16. Re1 a4 17. Bc2 Bxd3 18. Qxd3 e5 19. dxe5 fxe5 20. Nxe5 Qh4 21.
Nf3 Qh5 22. Ng5 Rae8 23. Bd2 Be5 24. Rxe5 Rxe5 25. Qd4 Rfe8 26. Bd1 c5 27.
Qxe5+ Rxe5 28. Bxh5 1-0

[Event "XXV Corsicoscacchi Magistrale"]
[Site "Corsico ITA"]
[Date "2002.10.12"]
[Round "4"]
[White "Berni, Fabrizio"]
[Black "Mazzariol, Oscar"]
[Result "1-0"]
[WhiteElo "2117"]
[BlackElo "2141"]
[PlyCount "63"]
[EventDate "2002.10.05"]

1. e4 g6 2. d4 Bg7 3. Nc3 c6 4. Bf4 d6 5. Nf3 Nd7 6. a4 Ngf6 7. a5 Qc7 8. h3
Nh5 9. Be3 e5 10. d5 O-O 11. g3 Nhf6 12. Bg2 cxd5 13. exd5 a6 14. O-O b5 15.
axb6 Nxb6 16. Nd2 Bb7 17. Bxb6 Qxb6 18. Nc4 Qc7 19. Na5 Nd7 20. Ne4 Bc8 21. b4
Nf6 22. Nxf6+ Bxf6 23. c4 Rb8 24. Nc6 Rb6 25. Re1 Bb7 26. c5 Rb5 27. Bf1 Bxc6
28. dxc6 Rxb4 29. Qxd6 Bd8 30. Rxa6 Re8 31. Ra8 Rf8 32. Rxe5 1-0

[Event "XXV Corsicoscacchi Magistrale"]
[Site "Corsico ITA"]
[Date "2002.10.12"]
[Round "4"]
[White "Bozzali, Ermanno"]
[Black "Ubezio, Marco"]
[Result "0-1"]
[WhiteElo "2135"]
[BlackElo "2195"]
[PlyCount "114"]
[EventDate "2002.10.05"]

1. e4 Nf6 2. e5 Nd5 3. d4 d6 4. Nf3 Nc6 5. c4 Nb6 6. exd6 exd6 7. Nc3 Bg4 8.
Be2 Be7 9. d5 Bxf3 10. Bxf3 Ne5 11. Be2 O-O 12. b3 Bf6 13. Bd2 Ng6 14. O-O Nf4
15. Bxf4 Bxc3 16. Rc1 Bf6 17. Bf3 Nd7 18. b4 b6 19. Bg4 Re8 20. Bxd7 Qxd7 21.
Qd3 Qa4 22. Bd2 Qxa2 23. Rc2 Qa6 24. Bc3 Qa3 25. Qd2 Bxc3 26. Qxc3 Qxc3 27.
Rxc3 a5 28. bxa5 Rxa5 29. g3 Kf8 30. Rc2 Rc5 31. f3 Ke7 32. Rb1 Kd7 33. Rb5
Rxb5 34. cxb5 Re1+ 35. Kf2 Rb1 36. Ke3 Rxb5 37. Kd4 Rb1 38. g4 b5 39. h4 g6 40.
h5 gxh5 41. gxh5 Rb4+ 42. Ke3 Rh4 43. Rb2 b4 44. f4 b3 45. Ke4 Rh3 46. h6 c5
47. dxc6+ Kxc6 48. Kf5 Kc5 49. Kf6 Rxh6+ 50. Kxf7 Kc4 51. Rf2 d5 52. f5 d4 53.
f6 d3 54. Ke7 Rxf6 55. Kxf6 Kc3 56. Ke5 b2 57. Rf1 d2 0-1

[Event "XXV Corsicoscacchi Magistrale"]
[Site "Corsico ITA"]
[Date "2002.10.12"]
[Round "4"]
[White "Gagliardi, Christian"]
[Black "Poletto, Daniele"]
[Result "1-0"]
[WhiteElo "2152"]
[BlackElo "1912"]
[PlyCount "83"]
[EventDate "2002.10.05"]

1. e4 c5 2. Nf3 e6 3. d3 g6 4. g3 Bg7 5. Bg2 Ne7 6. O-O O-O 7. Nbd2 Nbc6 8. Re1
e5 9. c3 d6 10. Nc4 h6 11. Be3 Be6 12. Qd2 Kh7 13. Nh4 b5 14. Na3 Rb8 15. Nc2
Qd7 16. d4 cxd4 17. cxd4 exd4 18. Nxd4 Nxd4 19. Bxd4 Bxd4 20. Qxd4 Rb6 21. Nf3
Nc6 22. Qd2 Ne5 23. Nd4 Bh3 24. Rad1 Bxg2 25. Kxg2 Qb7 26. b3 Nd7 27. Nf3 f5
28. Qd5 Qxd5 29. exd5 Rf7 30. Nd4 Nc5 31. Nc6 Rbb7 32. Nd8 Rfe7 33. Nxb7 Rxb7
34. f3 a5 35. Re8 Rd7 36. Rde1 Nd3 37. R1e7+ Rxe7 38. Rxe7+ Kg8 39. Re6 Nc1 40.
Rxg6+ Kh7 41. Rxd6 Nxa2 42. Rb6 1-0

[Event "XXV Corsicoscacchi Magistrale"]
[Site "Corsico ITA"]
[Date "2002.10.12"]
[Round "4"]
[White "Massironi, Marco"]
[Black "Rossi, Giampiero"]
[Result "1-0"]
[WhiteElo "1771"]
[BlackElo "2056"]
[PlyCount "61"]
[EventDate "2002.10.05"]

1. e4 c5 2. Nf3 e6 3. d4 cxd4 4. Nxd4 a6 5. c4 Nf6 6. Nc3 Qc7 7. a3 Nc6 8. Be3
Be7 9. Be2 O-O 10. O-O Ne5 11. Rc1 d6 12. f4 Ng6 13. Qe1 Bd7 14. Qg3 Rfc8 15.
f5 Ne5 16. Bh6 Ne8 17. f6 Bf8 18. Nf3 Nxf6 19. Nxe5 Qc5+ 20. Kh1 Qxe5 21. Bf4
Qc5 22. b4 Qc7 23. e5 Ne8 24. Ne4 dxe5 25. Bxe5 Qd8 26. Bh5 g6 27. Rxf7 Kxf7
28. Rf1+ Kg8 29. Bxg6 hxg6 30. Qxg6+ Bg7 31. Rf7 1-0

[Event "XXV Corsicoscacchi Magistrale"]
[Site "Corsico ITA"]
[Date "2002.10.12"]
[Round "4"]
[White "Mazzini, Antonio"]
[Black "Bonazzi, Edoardo"]
[Result "1/2-1/2"]
[WhiteElo "2122"]
[BlackElo "2135"]
[PlyCount "38"]
[EventDate "2002.10.05"]

1. d4 Nf6 2. Nf3 e6 3. e3 b6 4. Bd3 Bb7 5. O-O d5 6. Nbd2 Nbd7 7. Qe2 Be7 8. e4
dxe4 9. Nxe4 O-O 10. Rd1 Nxe4 11. Bxe4 Bxe4 12. Qxe4 c5 13. Bf4 Nf6 14. Qe5 Qc8
15. c3 Rd8 16. dxc5 Qxc5 17. Be3 Qxe5 18. Nxe5 Rac8 19. f3 Nd5 1/2-1/2

[Event "XXV Corsicoscacchi Magistrale"]
[Site "Corsico ITA"]
[Date "2002.10.12"]
[Round "4"]
[White "Sbarra, Marco"]
[Black "Giordani, Marco"]
[Result "1/2-1/2"]
[WhiteElo "2220"]
[BlackElo "2097"]
[PlyCount "55"]
[EventDate "2002.10.05"]

1. e4 Nf6 2. e5 Nd5 3. d4 d6 4. c4 Nb6 5. exd6 exd6 6. Nc3 Be7 7. Bd3 Nc6 8.
Nge2 O-O 9. O-O Nb4 10. Bb1 g6 11. a3 Nc6 12. d5 Ne5 13. b3 Bf6 14. a4 a5 15.
Ra2 Bg7 16. f4 Ng4 17. f5 Re8 18. Rf3 Nd7 19. h3 Nge5 20. Rf1 Nc5 21. Nd4 Ned3
22. Nce2 Nxc1 23. Qxc1 Ne4 24. fxg6 hxg6 25. Qf4 Nf6 26. Nb5 Bd7 27. Ned4 Re7
28. Rd2 1/2-1/2

[Event "XXV Corsicoscacchi Magistrale"]
[Site "Corsico ITA"]
[Date "2002.10.12"]
[Round "5"]
[White "Bonazzi, Edoardo"]
[Black "Bozzali, Ermanno"]
[Result "1/2-1/2"]
[WhiteElo "2135"]
[BlackElo "2135"]
[PlyCount "38"]
[EventDate "2002.10.05"]

1. c4 c5 2. g3 Nc6 3. Bg2 g6 4. Nc3 Bg7 5. a3 a6 6. Rb1 Rb8 7. b4 cxb4 8. axb4
b5 9. cxb5 axb5 10. Nf3 Nf6 11. d4 d5 12. Bf4 Rb6 13. Ne5 O-O 14. O-O Bf5 15.
Nxc6 Rxc6 16. Rc1 Qb6 17. Nxd5 Nxd5 18. Bxd5 Rxc1 19. Qxc1 Rc8 1/2-1/2

[Event "XXV Corsicoscacchi Magistrale"]
[Site "Corsico ITA"]
[Date "2002.10.12"]
[Round "5"]
[White "Cereda, Loris"]
[Black "Berni, Fabrizio"]
[Result "1/2-1/2"]
[WhiteElo "1926"]
[BlackElo "2117"]
[PlyCount "27"]
[EventDate "2002.10.05"]

1. e4 Nc6 2. Nc3 e6 3. d4 d5 4. exd5 exd5 5. Bf4 Bb4 6. Bb5 Nge7 7. Nge2 Be6 8.
O-O Qd7 9. a3 Bd6 10. Qd2 Ng6 11. Rfe1 O-O 12. Rad1 Rfe8 13. Bxd6 Qxd6 14. Ng3
1/2-1/2

[Event "XXV Corsicoscacchi Magistrale"]
[Site "Corsico ITA"]
[Date "2002.10.12"]
[Round "5"]
[White "Gagliardi, Christian"]
[Black "Massironi, Marco"]
[Result "1-0"]
[WhiteElo "2152"]
[BlackElo "1771"]
[PlyCount "97"]
[EventDate "2002.10.05"]

1. Nf3 Nf6 2. g3 g6 3. Bg2 Bg7 4. O-O d6 5. d3 O-O 6. e4 c5 7. Nbd2 Nc6 8. Re1
Qc7 9. h3 Bd7 10. Nf1 b5 11. Be3 Rab8 12. Nh4 Nh5 13. g4 Bf6 14. gxh5 Bxh4 15.
Bh6 Rfe8 16. Ne3 a5 17. Nd5 Qd8 18. Bf4 e6 19. Ne3 Qf6 20. Bg3 Bxg3 21. fxg3
Ne5 22. Qe2 Bc6 23. Kh2 Rbd8 24. Rf1 Qg7 25. c3 d5 26. d4 cxd4 27. cxd4 Nc4 28.
e5 Nxe3 29. Qxe3 Rc8 30. hxg6 hxg6 31. Rac1 Bd7 32. Qg5 b4 33. Rxc8 Rxc8 34.
Qe7 Bc6 35. Rc1 Qf8 36. Qxf8+ Kxf8 37. h4 Bd7 38. Rxc8+ Bxc8 39. g4 a4 40. a3
bxa3 41. bxa3 Ba6 42. Kg3 Kg7 43. Kf4 f6 44. exf6+ Kxf6 45. g5+ Ke7 46. Ke5 Bb5
47. Bh3 Bd7 48. Bg4 Bc8 49. Bd1 1-0

[Event "XXV Corsicoscacchi Magistrale"]
[Site "Corsico ITA"]
[Date "2002.10.12"]
[Round "5"]
[White "Mazzariol, Oscar"]
[Black "Sbarra, Marco"]
[Result "1/2-1/2"]
[WhiteElo "2141"]
[BlackElo "2220"]
[PlyCount "20"]
[EventDate "2002.10.05"]

1. e4 c5 2. Nf3 Nc6 3. c3 e6 4. d4 d5 5. e5 Qb6 6. a3 c4 7. Nbd2 Na5 8. g3 Bd7
9. Bg2 O-O-O 10. O-O h6 1/2-1/2

[Event "XXV Corsicoscacchi Magistrale"]
[Site "Corsico ITA"]
[Date "2002.10.12"]
[Round "5"]
[White "Mazzini, Antonio"]
[Black "Damia, Angelo"]
[Result "1/2-1/2"]
[WhiteElo "2122"]
[BlackElo "1885"]
[PlyCount "91"]
[EventDate "2002.10.05"]

1. d4 f5 2. g3 Nf6 3. Bg2 g6 4. Nh3 Bg7 5. O-O O-O 6. c4 e6 7. Nc3 d5 8. cxd5
exd5 9. Nf4 c6 10. b3 Re8 11. e3 Be6 12. a4 Nbd7 13. Ba3 Bf7 14. Rc1 h6 15. Nd3
Ne4 16. Nxe4 fxe4 17. Nc5 Nxc5 18. Bxc5 Be6 19. f4 Qd7 20. Qd2 a6 21. Qb4 Rad8
22. Rf2 Bf8 23. Qb6 Kh7 24. b4 Bg7 25. Rb1 Ra8 26. b5 axb5 27. axb5 Bf8 28.
Rfb2 Bxc5 29. Qxc5 Qe7 30. Rc1 Qxc5 31. Rxc5 Bd7 32. bxc6 Bxc6 33. Kf2 Ra3 34.
Bf1 Rea8 35. Bb5 Ra2 36. Rcc2 Rxb2 37. Rxb2 Ra7 38. g4 Kg7 39. h4 Kf7 40. Bxc6
bxc6 41. Rc2 Rc7 42. Kg3 Ke6 43. h5 gxh5 44. gxh5 Kf5 45. Kh3 Rc8 46. Kh4
1/2-1/2

[Event "XXV Corsicoscacchi Magistrale"]
[Site "Corsico ITA"]
[Date "2002.10.12"]
[Round "5"]
[White "Poletto, Daniele"]
[Black "Rossi, Giampiero"]
[Result "0-1"]
[WhiteElo "1912"]
[BlackElo "2056"]
[PlyCount "134"]
[EventDate "2002.10.05"]

1. c4 e6 2. Nf3 d5 3. g3 Nf6 4. Bg2 Be7 5. O-O c6 6. b3 O-O 7. Bb2 Nbd7 8. d3
b6 9. Nbd2 Bb7 10. a3 Rc8 11. Rc1 Qc7 12. Rc2 Rfd8 13. Qa1 Qb8 14. Rfc1 c5 15.
cxd5 Bxd5 16. d4 cxd4 17. Nxd4 Bxg2 18. Kxg2 Qb7+ 19. Kg1 Rxc2 20. Rxc2 Rc8 21.
Qc1 Rxc2 22. Qxc2 Nb8 23. b4 b5 24. e4 a6 25. f3 Ne8 26. Kg2 Qc7 27. Qxc7 Nxc7
28. Ne2 Nc6 29. Nb3 Kf8 30. Nec1 f6 31. Nd3 e5 32. Ndc5 Bxc5 33. Nxc5 Ke7 34.
Kf2 Nd8 35. Ke3 Kd6 36. Kd3 a5 37. Bc3 a4 38. Bd2 Kc6 39. Bc1 Nf7 40. f4 g6 41.
Bb2 exf4 42. gxf4 f5 43. Bc1 fxe4+ 44. Kxe4 Ne8 45. Kd4 Ned6 46. Bd2 Nf5+ 47.
Kd3 Kd5 48. Ne4 h5 49. Nc3+ Kc6 50. Be1 N7d6 51. Nb1 Kd5 52. Nc3+ Ke6 53. Nb1
Ne7 54. Bd2 Nc6 55. Bc1 Kf5 56. h3 Ne4 57. Be3 h4 58. Ke2 Ne7 59. Kf3 Nd5 60.
Bc1 Nef6 61. Bd2 Nh5 62. Be1 Nhxf4 63. Bxh4 Nxh3 64. Bg3 Ng5+ 65. Ke2 Ne4 66.
Bb8 Nec3+ 67. Nxc3 Nxc3+ 0-1

[Event "XXV Corsicoscacchi Magistrale"]
[Site "Corsico ITA"]
[Date "2002.10.13"]
[Round "6"]
[White "Bozzali, Ermanno"]
[Black "Mazzini, Antonio"]
[Result "0-1"]
[WhiteElo "2135"]
[BlackElo "2122"]
[PlyCount "50"]
[EventDate "2002.10.05"]

1. e4 g6 2. d4 Bg7 3. Nc3 c6 4. f4 d5 5. e5 h5 6. Nf3 Nh6 7. h3 Bf5 8. Be3 Qb6
9. Na4 Qa5+ 10. c3 Nd7 11. Be2 e6 12. O-O b5 13. Nc5 Nxc5 14. dxc5 O-O 15. Nd4
Qc7 16. a4 a6 17. Qe1 f6 18. Qh4 fxe5 19. fxe5 Qxe5 20. Bf4 Qe4 21. Nxc6 Qxe2
22. Rae1 Qc4 23. Ne7+ Kh7 24. g4 Bf6 25. g5 Bxe7 0-1

[Event "XXV Corsicoscacchi Magistrale"]
[Site "Corsico ITA"]
[Date "2002.10.13"]
[Round "6"]
[White "Giordani, Marco"]
[Black "Cereda, Loris"]
[Result "1-0"]
[WhiteElo "2097"]
[BlackElo "1926"]
[PlyCount "63"]
[EventDate "2002.10.05"]

1. d4 Nf6 2. c4 e6 3. Nc3 d5 4. Bg5 Nbd7 5. e3 c6 6. Nf3 Qa5 7. Nd2 Bb4 8. Qc2
Ne4 9. Ndxe4 dxe4 10. Bh4 O-O 11. Be2 e5 12. O-O exd4 13. exd4 g5 14. Bg3 f5
15. f4 g4 16. h3 Bxc3 17. bxc3 gxh3 18. gxh3 Nf6 19. Rab1 Rf7 20. Bh4 Qc7 21.
Qd2 Be6 22. Kh1 Rd8 23. Rg1+ Kh8 24. Rg2 Rdd7 25. Rbg1 Qd8 26. d5 cxd5 27. Qd4
dxc4 28. Qe5 Bd5 29. Rg8+ Qxg8 30. Rxg8+ Kxg8 31. Bxf6 Bc6 32. Qe8+ 1-0

[Event "XXV Corsicoscacchi Magistrale"]
[Site "Corsico ITA"]
[Date "2002.10.13"]
[Round "6"]
[White "Mazzariol, Oscar"]
[Black "Bonazzi, Edoardo"]
[Result "0-1"]
[WhiteElo "2141"]
[BlackElo "2135"]
[PlyCount "106"]
[EventDate "2002.10.05"]

1. e4 c5 2. Nf3 Nc6 3. Be2 Nf6 4. e5 Ng4 5. d4 cxd4 6. Bf4 Qa5+ 7. Nbd2 Ngxe5
8. Nxe5 Nxe5 9. b4 Qd5 10. O-O e6 11. Rb1 Ng6 12. Bf3 Qf5 13. Bg3 d5 14. Nb3
Qf6 15. Nxd4 Qd8 16. Nb5 e5 17. Bxd5 Be7 18. c4 O-O 19. Re1 Bf5 20. Rb3 Bf6 21.
c5 Ne7 22. Nd6 Nxd5 23. Nxf5 Ne7 24. Rd3 Qc8 25. Nd6 Qe6 26. b5 Rab8 27. Qd2
Nf5 28. c6 bxc6 29. bxc6 Nxd6 30. Rxd6 Rbd8 31. Rd1 Rxd6 32. Qxd6 Qxd6 33. Rxd6
Rc8 34. f4 Be7 35. Rd7 Kf8 36. Rxa7 Bc5+ 37. Bf2 Bxa7 38. Bxa7 Rxc6 39. fxe5
Rc1+ 40. Kf2 Rc2+ 41. Kf3 Rxa2 42. Bc5+ Ke8 43. h4 Kd7 44. Bf8 g6 45. Bg7 h5
46. Bh6 Ra4 47. g3 Ke6 48. Bf4 Kf5 49. Ke3 Kg4 50. Kd3 Rxf4 51. gxf4 Kxf4 52.
Kd4 g5 53. hxg5 Kxg5 0-1

[Event "XXV Corsicoscacchi Magistrale"]
[Site "Corsico ITA"]
[Date "2002.10.13"]
[Round "6"]
[White "Rossi, Giampiero"]
[Black "Damia, Angelo"]
[Result "1/2-1/2"]
[WhiteElo "2056"]
[BlackElo "1885"]
[PlyCount "74"]
[EventDate "2002.10.05"]

1. d4 d5 2. c4 Nc6 3. Nc3 Nf6 4. cxd5 Nxd5 5. e4 Nxc3 6. bxc3 e5 7. d5 Ne7 8.
Nf3 Bg4 9. Be2 Bxf3 10. Bxf3 g6 11. O-O Bg7 12. Ba3 O-O 13. Qb3 b6 14. Rad1 Re8
15. Be2 a6 16. d6 Nc6 17. Qc4 Qd7 18. dxc7 Qxc7 19. Rd6 Rac8 20. Bg4 b5 21. Qd5
Ne7 22. Qd3 Rcd8 23. Rd1 Rxd6 24. Qxd6 Qxd6 25. Rxd6 f5 26. exf5 gxf5 27. Be2
Ra8 28. c4 Ng6 29. Rc6 Nf4 30. Bf1 Kf7 31. cxb5 axb5 32. Bc1 Rxa2 33. Bxb5 Ra1
34. Bf1 Bh6 35. Bxf4 Bxf4 36. g3 Rc1 37. Rxc1 Bxc1 1/2-1/2

[Event "XXV Corsicoscacchi Magistrale"]
[Site "Corsico ITA"]
[Date "2002.10.13"]
[Round "6"]
[White "Sbarra, Marco"]
[Black "Gagliardi, Christian"]
[Result "1-0"]
[WhiteElo "2220"]
[BlackElo "2152"]
[PlyCount "67"]
[EventDate "2002.10.05"]

1. e4 d6 2. d4 g6 3. c4 Bg7 4. Nc3 Nf6 5. Nf3 O-O 6. Be2 e5 7. d5 Nbd7 8. Bg5
h6 9. Bh4 a5 10. Nd2 Nc5 11. O-O Bd7 12. b3 Qe8 13. a3 Nh7 14. Rb1 f5 15. f3 g5
16. Bf2 f4 17. b4 axb4 18. axb4 Na4 19. Nxa4 Bxa4 20. Qc1 Bd7 21. c5 Qg6 22.
cxd6 cxd6 23. Qc7 Rfd8 24. Ra1 Rac8 25. Qxb7 g4 26. fxg4 Bxg4 27. Bxg4 Qxg4 28.
Ra7 Kh8 29. h3 Qg6 30. Qf7 Qxf7 31. Rxf7 Rc2 32. Nf3 Rb8 33. Ra1 Kg8 34. Raa7
1-0

[Event "VI Weekend A"]
[Site "Vicenza ITA"]
[Date "2002.10.??"]
[Round "1"]
[White "Capata, Ion"]
[Black "Gennari, Leone"]
[Result "0-1"]
[WhiteElo "2155"]
[BlackElo "1900"]
[PlyCount "65"]
[EventDate "2002.10.05"]

1. e4 e6 2. d4 d5 3. Nd2 Nf6 4. Bd3 c5 5. Ngf3 Nc6 6. c3 Qb6 7. dxc5 Bxc5 8.
O-O O-O 9. e5 Nd7 10. Bxh7+ Kxh7 11. Ng5+ Kg6 12. Qc2+ f5 13. exf6+ Kxf6 14.
Nh7+ Kf7 15. Nxf8 Nxf8 16. Nf3 Bd7 17. b4 Bd6 18. a3 Qc7 19. g3 Re8 20. Rd1 Ne7
21. Bb2 Rc8 22. Rac1 Bb5 23. Re1 e5 24. Qd2 Bc4 25. Qg5 Neg6 26. h4 e4 27. Nd4
Ne5 28. Re3 Qd7 29. Kg2 Qg4 30. Qxg4 Nxg4 31. Ree1 Ne5 32. Rh1 Nc6 33. Nf5 0-1

[Event "VI Weekend A"]
[Site "Vicenza ITA"]
[Date "2002.10.??"]
[Round "1"]
[White "Logallo, Claudio"]
[Black "Fontanari, Maurizio"]
[Result "1-0"]
[WhiteElo "1795"]
[BlackElo "2034"]
[PlyCount "45"]
[EventDate "2002.10.05"]

1. e4 Nf6 2. e5 Nd5 3. d4 d6 4. Bc4 Nb6 5. Bb3 dxe5 6. Qh5 e6 7. dxe5 Nc6 8.
Nf3 g6 9. Qh3 Nd4 10. Nc3 Bg7 11. Ne4 f6 12. Bh6 Nxf3+ 13. gxf3 Bxh6 14. Nxf6+
Kf7 15. Qxh6 Nd7 16. O-O-O Qe7 17. Nxd7 Bxd7 18. Rd4 c5 19. Rd6 Rad8 20. Rhd1
b6 21. Qf4+ Ke8 22. Qd2 Rf8 23. Bxe6 1-0

[Event "VI Weekend A"]
[Site "Vicenza ITA"]
[Date "2002.10.??"]
[Round "1"]
[White "Maccapan, Fabio"]
[Black "Danieli, Enrico"]
[Result "0-1"]
[WhiteElo "1810"]
[BlackElo "2118"]
[PlyCount "82"]
[EventDate "2002.10.05"]

1. Nf3 Nf6 2. g3 g6 3. Bg2 Bg7 4. O-O O-O 5. c4 d6 6. Nc3 e5 7. d3 Nc6 8. Rb1
a5 9. a3 Nh5 10. b4 axb4 11. axb4 f5 12. b5 Ne7 13. Bg5 h6 14. Bxe7 Qxe7 15.
Nd5 Qd8 16. Qb3 Kh8 17. b6 c6 18. Nc7 Rb8 19. Nd2 Nf6 20. Qb4 Ne8 21. Nxe8 Rxe8
22. e4 Bf8 23. Qb3 f4 24. Ra1 g5 25. Ra7 Bg4 26. f3 Bd7 27. Rfa1 d5 28. R1a5
dxe4 29. Nxe4 Bf5 30. Nf2 Qd4 31. c5 Bxc5 32. Rxc5 Qxc5 33. Qf7 Rf8 34. Qc7
Bxd3 35. Bf1 fxg3 36. hxg3 Bxf1 37. Kxf1 Qc1+ 38. Kg2 Qe3 39. Rxb7 Qxf3+ 40.
Kh3 Rxb7 41. Qxb7 Qxf2 0-1

[Event "VI Weekend A"]
[Site "Vicenza ITA"]
[Date "2002.10.??"]
[Round "1"]
[White "Miatello, Alberto"]
[Black "Alberton, Roberto"]
[Result "1-0"]
[WhiteElo "1818"]
[BlackElo "2123"]
[PlyCount "73"]
[EventDate "2002.10.05"]

1. e4 b6 2. d4 Bb7 3. Nc3 e6 4. a3 c5 5. Nf3 d6 6. Bb5+ Nd7 7. dxc5 bxc5 8. Bf4
Qc7 9. O-O a6 10. Ba4 Bc6 11. Qe2 Bxa4 12. Nxa4 Ngf6 13. e5 Nd5 14. exd6 Nxf4
15. Qe4 Qb8 16. Qxf4 Bxd6 17. Qg4 O-O 18. Rad1 Nf6 19. Qc4 Rc8 20. Rd3 Nd5 21.
Rb3 Qc7 22. g3 Be7 23. Nd2 h5 24. Ne4 h4 25. Nec3 hxg3 26. hxg3 Qc6 27. Re1 Rd8
28. Ne4 Rac8 29. Nac3 Nxc3 30. Rxc3 Qb5 31. a4 Qxb2 32. Rb3 Qe5 33. Qxa6 f5 34.
f4 Qd4+ 35. Nf2 c4 36. Qxe6+ Kf8 37. Qxe7+ 1-0

[Event "VI Weekend A"]
[Site "Vicenza ITA"]
[Date "2002.10.??"]
[Round "1"]
[White "Navarro, Stefano"]
[Black "Giacomelli, Gianni"]
[Result "1-0"]
[WhiteElo "2126"]
[BlackElo "1836"]
[PlyCount "81"]
[EventDate "2002.10.05"]

1. e4 e6 2. d3 d5 3. Nd2 c5 4. g3 Nc6 5. Bg2 Nf6 6. Ngf3 d4 7. O-O e5 8. a4 Be7
9. Nh4 g6 10. Bh1 a6 11. Nc4 Be6 12. b3 b5 13. axb5 axb5 14. Rxa8 Qxa8 15. Nd2
Qa2 16. Nhf3 Bg4 17. Bg2 Nb4 18. h3 Bxf3 19. Nxf3 Nd7 20. Ne1 Qb1 21. Bf3 O-O
22. Bd2 Qb2 23. Bxb4 cxb4 24. Bg4 Nf6 25. f4 exf4 26. gxf4 h5 27. Bf3 Rc8 28.
Qd2 Nh7 29. Bd1 Qc3 30. Qg2 Kh8 31. Kh1 Ra8 32. Nf3 Ra1 33. Ne5 Kg7 34. Rg1 Nf8
35. f5 Bf6 36. fxg6 Bxe5 37. gxf7+ Kxf7 38. Rf1+ Ke7 39. Qg5+ Bf6 40. Qxf6+ Kd7
41. Qf7+ 1-0

[Event "VI Weekend A"]
[Site "Vicenza ITA"]
[Date "2002.10.??"]
[Round "1"]
[White "Opacic, Alexandar"]
[Black "Ravagnani, Tiziano"]
[Result "1-0"]
[WhiteElo "2088"]
[BlackElo "1809"]
[PlyCount "75"]
[EventDate "2002.10.05"]

1. e4 c5 2. Nf3 d6 3. d4 cxd4 4. Nxd4 Nf6 5. Nc3 g6 6. Bc4 Bg7 7. O-O Nc6 8.
Nde2 O-O 9. Kh1 Qa5 10. Ng3 Qc5 11. Bb3 Ng4 12. Qe1 Nd4 13. h3 Nxb3 14. axb3
Nf6 15. Be3 Qc6 16. Qd2 b5 17. Nd5 Nxd5 18. exd5 Qc7 19. c3 e5 20. Bh6 f5 21.
Bxg7 Qxg7 22. f4 Qh6 23. Ne2 Rf7 24. Qd3 a5 25. fxe5 dxe5 26. d6 f4 27. Ng1 Bb7
28. Qxb5 Qg5 29. Nf3 Qg3 30. Qxe5 Rf5 31. Qe6+ Kh8 32. Qe1 Raf8 33. d7 Rh5 34.
Qxg3 fxg3 35. Nd4 Rd8 36. Ne6 Rxh3+ 37. Kg1 Rh2 38. Rf8+ 1-0

[Event "VI Weekend A"]
[Site "Vicenza ITA"]
[Date "2002.10.??"]
[Round "1"]
[White "Vancini, Edoardo"]
[Black "Roberti, Ignazio"]
[Result "1-0"]
[WhiteElo "2285"]
[BlackElo "2032"]
[PlyCount "84"]
[EventDate "2002.10.05"]

1. e4 c5 2. c3 d5 3. exd5 Qxd5 4. d4 Nf6 5. Nf3 Bg4 6. Qa4+ Bd7 7. Qb3 Qxb3 8.
axb3 e6 9. Na3 Be7 10. Nb5 Bxb5 11. Bxb5+ Nbd7 12. Ne5 a6 13. dxc5 Bxc5 14. Bg5
Rc8 15. Bxf6 axb5 16. Bxg7 Rg8 17. Nxd7 Kxd7 18. Be5 f5 19. b4 Bb6 20. g3 Rc4
21. f3 h5 22. Ke2 h4 23. Rad1+ Ke7 24. Rd3 Rd8 25. Rxd8 Bxd8 26. Ra1 Bc7 27.
Bxc7 Rxc7 28. Ra5 Kd6 29. Rxb5 hxg3 30. hxg3 Rh7 31. Rb6+ Kd5 32. b3 Rh2+ 33.
Ke3 Rb2 34. Rxb7 Rxb3 35. Rc7 e5 36. Kd3 Ra3 37. g4 fxg4 38. fxg4 Ke6 39. Ke4
Kf6 40. Rc6+ Kg5 41. Kxe5 Kxg4 42. Kd5 Kf5 1-0

[Event "VI Weekend A"]
[Site "Vicenza ITA"]
[Date "2002.10.??"]
[Round "1"]
[White "Verducci, Gianni"]
[Black "Cacco, Christian"]
[Result "0-1"]
[WhiteElo "1947"]
[BlackElo "2298"]
[PlyCount "94"]
[EventDate "2002.10.05"]

1. e4 d6 2. d4 g6 3. Nf3 Bg7 4. Nc3 c6 5. Be3 b5 6. Bd3 Nd7 7. Qd2 Nb6 8. h3 a6
9. O-O Be6 10. d5 cxd5 11. exd5 Bd7 12. Bd4 Nf6 13. Rfe1 Rb8 14. a3 O-O 15. Bf1
Re8 16. Rad1 Qc7 17. Re2 Nc4 18. Qc1 a5 19. b3 Nb6 20. Ree1 b4 21. Nb5 Qb7 22.
Bxb6 Qxb6 23. a4 Qc5 24. Bc4 Kf8 25. Re2 Rb7 26. Ng5 Qb6 27. Qf4 h6 28. Nf3 Rc8
29. Rde1 Ng8 30. Nfd4 Bf6 31. g4 Rbb8 32. Nf3 Kg7 33. h4 Bxb5 34. axb5 Bc3 35.
Rd1 Qc5 36. Nd4 Bxd4 37. Rxd4 Rc7 38. Rde4 Qa7 39. h5 g5 40. Qf5 Nf6 41. R4e3
a4 42. Rf3 Qd4 43. Rfe3 Kf8 44. Re4 Nxe4 45. Rxe4 Qa1+ 46. Kg2 a3 47. Re6 Qh8
0-1

[Event "VI Weekend A"]
[Site "Vicenza ITA"]
[Date "2002.10.??"]
[Round "2"]
[White "Cacco, Christian"]
[Black "Opacic, Alexandar"]
[Result "1-0"]
[WhiteElo "2298"]
[BlackElo "2088"]
[PlyCount "123"]
[EventDate "2002.10.05"]

1. d4 Nf6 2. Nf3 g6 3. g3 Bg7 4. Bg2 d6 5. Nbd2 c6 6. O-O O-O 7. b3 a5 8. a4
Na6 9. Bb2 Bg4 10. Ne1 Qd7 11. f3 Bh3 12. e4 Bxg2 13. Kxg2 Rfe8 14. Nd3 Qc7 15.
Qe2 e6 16. e5 dxe5 17. dxe5 Nd5 18. Ne4 Qb6 19. Rfe1 Red8 20. Qf2 Qxf2+ 21.
Ndxf2 Nab4 22. Rac1 Ne7 23. f4 Nf5 24. g4 Ne7 25. Kf3 b6 26. Ba3 c5 27. Bxb4
axb4 28. Nd3 h6 29. Nb2 Rd4 30. Red1 Nc6 31. Nc4 g5 32. fxg5 hxg5 33. Rxd4
Nxd4+ 34. Ke3 b5 35. axb5 Nxb5 36. Nxc5 Nc3 37. Nd3 Nd5+ 38. Kd2 Bf8 39. Re1
Kg7 40. Re4 Ra1 41. Re1 Ra7 42. Ne3 Nc3 43. Nd1 Nd5 44. N1f2 Be7 45. Ne4 Kg6
46. Kc1 Ra8 47. h3 Rh8 48. Nef2 Rc8 49. Re4 Rc7 50. Rc4 Ra7 51. Kb2 Ra5 52. Ne4
Rb5 53. Rc8 Kg7 54. c4 bxc3+ 55. Nxc3 Nxc3 56. Kxc3 f5 57. exf6+ Bxf6+ 58. Kc4
Rd5 59. Nc5 Kf7 60. Rc7+ Be7 61. Nxe6 Rd1 62. Nxg5+ 1-0